Normal view MARC view

Entry Personal Name

Number of records used in: 2

001 - CONTROL NUMBER

  • control field: 1117334

003 - CONTROL NUMBER IDENTIFIER

  • control field: OSt

005 - DATE AND TIME OF LATEST TRANSACTION

  • control field: 20260302113946.0

008 - FIXED-LENGTH DATA ELEMENTS

  • fixed length control field: 260302|| aca||aabn | a|a d

040 ## - CATALOGING SOURCE

  • Original cataloging agency: OSt
  • Transcribing agency: OSt

100 ## - HEADING--PERSONAL NAME

  • Personal name: Sebastián Moreno Barreneche

670 ## - SOURCE DATA FOUND

  • Source citation: Work cat.: (OSt)1680845: Sebastián Moreno Barreneche, The Semiotics of the COVID-19 Pandemic
Copyright @ Delhi University Library System